El alma de San Augustín.

Guardat en:
Dades bibliogràfiques
Autor principal: Guilloux, Pedro
Format: Llibre
Idioma:espanyol
francès
Publicat: Madrid : Ediciones Rialp, 1986.
Col·lecció:Patmos libros de espiritualidad (Ediciones Rialp) ; 185
Etiquetes: Afegir etiqueta
Sense etiquetes, Sigues el primer a etiquetar aquest registre!

MARC

LEADER 00000nam a2200000Ia 4500
001 000013652
003 BR-CrsFAEV
005 20231021194438.0
008 160403t1986||||sp |||||||||||||1 e|spa|d
020 |a 8432123153 
040 |a BR-CrsFAEV  |b por  |c BR-CrsFAEV 
041 1 |a spa  |h fre 
080 0 |2 1997  |a 2(03)  |b P274*n.185 
100 1 |a Guilloux, Pedro,   |9 7398 
245 1 3 |a El alma de San Augustín. 
260 |a Madrid :   |b Ediciones Rialp,   |c 1986.  
300 |a 332 p. ;  |c 19 cm. 
490 1 |a Patmos libros de espiritualidad ;   |v 185  
505 0 |a Seminario "Tagaste". PP. Agustinos. Los Negrales. Madrid. Traducción de la segunda edición francesa por Ignacio Nuñez. 
546 |a Texto em espanhol, traduzido do francês. 
830 0 |a Patmos libros de espiritualidad (Ediciones Rialp) ;   |9 1913  |v 185 
942 |2 udc  |c BK 
952 |0 0  |1 0  |2 udc  |4 0  |6 203_P274N185  |7 0  |9 12722  |a SBT  |b SBT  |c GEN  |d 2016-04-02  |h 1986 - 332 p.  |l 0  |o 2(03) P274*n.185  |p 17619  |r 2018-08-03 00:00:00  |t ex.01  |w 2016-04-03  |y BK 
999 |c 11249  |d 11249